logo

Bir Sreshtho Munshi Abdur Rouf Library
Jhenaidah Cadet College

আয়না কেমন আছে / (Record no. 10795)

MARC details
000 -LEADER
fixed length control field 00699nam a2200229 a 4500
001 - CONTROL NUMBER
JCCL Control Number 10795
003 - CONTROL NUMBER IDENTIFIER
JCCL marc code BD-JhCC
005 - DATE AND TIME OF LATEST TRANSACTION
control field 20220822134023.0
008 - FIXED-LENGTH DATA ELEMENTS--GENERAL INFORMATION
fixed length control field 190403s 2010bg |||| |||| 000 0 ben d
020 ## - INTERNATIONAL STANDARD BOOK NUMBER
International Standard Book Number 9848685855
035 ## - SYSTEM CONTROL NUMBER
system control number (BD-JhCC)10795
040 ## - CATALOGING SOURCE
Original cataloging agency BD-JhCC
Modifying agency BD-JhCC
041 ## - LANGUAGE CODE
Language code of Book ben
082 ## - DEWEY DECIMAL CLASSIFICATION NUMBER
Classification number 891.443
Author mark and Year MIL 2010
100 ## - MAIN ENTRY--PERSONAL NAME
Personal name মিলন, ইমদাদুল হক
245 ## - TITLE STATEMENT
Title আয়না কেমন আছে /
Statement of responsibility, etc ইমদাদুল হক মিলন
250 ## - EDITION STATEMENT
Edition statement 3rd Printed,
260 ## - PUBLICATION, DISTRIBUTION, ETC. (IMPRINT)
Place of publication, distribution, etc ঢাকা :
Name of publisher, distributor, etc অন্যপ্রকাশ,
Date of publication, distribution, etc ২০১০
300 ## - PHYSICAL DESCRIPTION
Pagination ৮৬ পৃ. :
Dimensions ২০ সেমি.
650 ## - SUBJECT ADDED ENTRY--TOPICAL TERM
Topical term or geographic name as entry element Bengali Novel
942 ## - ADDED ENTRY ELEMENTS (KOHA)
Source of classification or shelving scheme Dewey Decimal Classification
Koha item type Books
Koha issues (borrowed), all copies 1
Holdings
Source of classification or shelving scheme Damaged status Not for loan Home library Current library Shelving location Date of accession Cost, normal purchase price Total Checkouts Full call number Barcode Date last seen Date checked out Copy number Koha item type Method of acquisition Currency
Dewey Decimal Classification     JCC Rouf Library JCC Rouf Library General Stacks 04/03/2019 106.00 8 891.443 MIL 2010 14672 07/02/2025 06/26/2025 C-1 Books    
Dewey Decimal Classification     JCC Rouf Library JCC Rouf Library General Stacks   106.00 4 891.443 MIL 2010 19320 07/29/2025 07/22/2025 C-2 Books Purchase BDT

JCC Library | Contacts | JCC Home

Last Update on 23 September 2017
Copyright @ 2017-2020 JCC Rouf Library
Rouf Library, Jhenidah Cadet College (JCC), Bangladesh